| 000 | 00337nam a2200109Ia 4500 | ||
|---|---|---|---|
| 008 | 200302s9999 xx 000 0 und d | ||
| 100 | _aBruce Bassler, & Others | ||
| 245 | _aArchitectural Graphic Standerds an A Bridgment of the Eleventh Edition | ||
| 260 | _bThe American Institute of Architects Press | ||
| 260 | _c2008 | ||
| 300 | _a540 P., | ||
| 999 |
_c5131 _d5131 |
||